<?xml version="1.0" encoding="UTF-8"?><?xml-stylesheet type="text/xsl" href="static/style.xsl"?><OAI-PMH xmlns="http://www.openarchives.org/OAI/2.0/" xmlns:xsi="http://www.w3.org/2001/XMLSchema-instance" xsi:schemaLocation="http://www.openarchives.org/OAI/2.0/ http://www.openarchives.org/OAI/2.0/OAI-PMH.xsd"><responseDate>2026-04-13T04:49:25Z</responseDate><request verb="GetRecord" identifier="oai:www.recercat.cat:10459.1/68890" metadataPrefix="marc">https://recercat.cat/oai/request</request><GetRecord><record><header><identifier>oai:recercat.cat:10459.1/68890</identifier><datestamp>2024-12-05T22:17:15Z</datestamp><setSpec>com_2072_3622</setSpec><setSpec>col_2072_479130</setSpec></header><metadata><record xmlns="http://www.loc.gov/MARC21/slim" xmlns:dcterms="http://purl.org/dc/terms/" xmlns:xsi="http://www.w3.org/2001/XMLSchema-instance" xmlns:doc="http://www.lyncode.com/xoai" xsi:schemaLocation="http://www.loc.gov/MARC21/slim http://www.loc.gov/standards/marcxml/schema/MARC21slim.xsd">
   <leader>00925njm 22002777a 4500</leader>
   <datafield ind2=" " ind1=" " tag="042">
      <subfield code="a">dc</subfield>
   </datafield>
   <datafield ind2=" " ind1=" " tag="720">
      <subfield code="a">Argemí i Armengol, Immaculada</subfield>
      <subfield code="e">author</subfield>
   </datafield>
   <datafield ind2=" " ind1=" " tag="720">
      <subfield code="a">Villalba Mata, Daniel</subfield>
      <subfield code="e">author</subfield>
   </datafield>
   <datafield ind2=" " ind1=" " tag="720">
      <subfield code="a">Álvarez Rodríguez, Javier</subfield>
      <subfield code="e">author</subfield>
   </datafield>
   <datafield ind2=" " ind1=" " tag="260">
      <subfield code="c">2020-06-01T13:45:56Z</subfield>
   </datafield>
   <datafield ind2=" " ind1=" " tag="260">
      <subfield code="c">2020-06-01T13:45:56Z</subfield>
   </datafield>
   <datafield ind2=" " ind1=" " tag="260">
      <subfield code="c">2020-05-26</subfield>
   </datafield>
   <datafield ind2=" " ind1=" " tag="260">
      <subfield code="c">2020-06-01T13:45:56Z</subfield>
   </datafield>
   <datafield ind2=" " ind1=" " tag="520">
      <subfield code="a">El treball que es presenta en aquest article té l'objectiu d'analitzar els efectes del sistema de producció (convencional o ecològic), l'estació de l'any (estiu o tardor), el sexe (mascles castrats o femelles) i el tipus genètic (de 0 % a 75 % de gens Duroc) sobre diferents variables relacionades amb les canals de porc (pes de la canal, espessor del greix subcutani lumbar i dorsal, contingut de magre i preu percebut per canal) i la prevalença de lesions a la pell i decomisos a l'escorxador. L'estudi es va dur a terme durant 12 dies, de juny a novembre de 2016, en un escorxador de Catalunya. Es van inspeccionar 6.540 canals de porc, de granges convencionals (n = 4.707) i ecològiques (n = 1.833), de 24 proveïdors diferents. A l'estiu, en comparació amb la tardor, la cria ecològica incrementa l'espessor del greix subcutani i, en conseqüència, redueix el contingut de magre (tots P &lt; 0,001). La genètica Duroc va afectar positivament el pes viu (P = 0,02) i l'espessor del greix subcutani (P &lt; 0,001). L'espessor del greix subcutani va ser superior a l'estiu i als mascles castrats (P &lt; 0,001). En el sistema de producció ecològic, les lesions a la pell van tendir a ser més baixes (P = 0,08), però els decomisos de fetges van ser més elevats (risc relatiu = 5,98), respecte al sistema convencional. A més a més, es va detectar un risc inferior de lesions a la pell i de decomisos de fetges i pulmons a l'estiu que a la tardor. En conjunt, aquests resultats també es van veure afectats per la repetibilitat de l'efecte aleatori del proveïdor.</subfield>
   </datafield>
   <datafield ind2=" " ind1=" " tag="520">
      <subfield code="a">El trabajo que se presenta en este artículo tiene por objetivo analizar los efectos del sistema de producción (convencional o ecológico), la estación del año (verano u otoño), el sexo (machos castrados o hembras) y el tipo genético (de 0 % a 75 % de genes Duroc) sobre diferentes variables relacionadas con las canales de cerdo (peso de la canal, espesor de la grasa subcutánea lumbar y dorsal, contenido de magro y precio percibido por canal) y la prevalencia de lesiones en la piel y decomisos en el matadero. El estudio se llevó a cabo durante 12 días, de junio a noviembre de 2016, en un matadero de Cataluña. Se inspeccionaron 6.540 canales de cerdo, de granjas convencionales (n = 4.707) y ecológicas (n = 1.833), de 24 proveedores diferentes. En verano, en comparación con el otoño, la cría ecológica incrementa el espesor de la grasa subcutánea y, en consecuencia, reduce el contenido de magro (todos P &lt; 0,001). La genética Duroc afectó positivamente el peso vivo (P = 0,02) y el espesor de la grasa subcutánea (P &lt; 0,001). El espesor de la grasa subcutánea fue superior en verano y en los machos castrados (P &lt; 0,001). En el sistema de producción ecológico, las lesiones en la piel tendieron a ser más bajas (P = 0,08), pero los decomisos de hígados fueron mayores (riesgo relativo = 5,98), respecto al sistema convencional. Además, se detectó menos riesgo de lesiones en la piel y de decomisos de hígado y pulmones en verano que en otoño. En conjunto, estos resultados también se vieron afectados por la repetibilidad del efecto aleatorio del proveedor.</subfield>
   </datafield>
   <datafield ind2=" " ind1=" " tag="520">
      <subfield code="a">This paper aims to examine the effects of the husbandry system (conventional vs. organic), season (summer vs. autumn), gender (castrates vs. females) and genetic type (0 to 75% Duroc genes) on different variables of pig carcasses (carcass weight, lumbar and dorsal back-fat thickness, lean content, and income), and the prevalence of skin lesions and condemnations at the abattoir. The study was conducted over 12 days from June to November 2016 in a Catalan abattoir. 6,540 pig carcasses were examined from conventional (n=4,707) and organic farming (n=1,833), from 24 different suppliers. Organic husbandry increased lumbar back-fat thickness and, consequently, reduced lean content in summer compared to the autumn season (all P&lt;0.001). Duroc genes had a positive effect on live weight (P=0.02) and back-fat thickness (P&lt;0.001). Back-fat thickness was greater in summer and in castrates (P&lt;0.001). Skin lesions in organic husbandry tended to be lower (P=0.08) but liver condemnations were greater in organic than in conventional husbandry (relative risk=5.98). In addition, there was a lower risk of skin lesions, and liver and lung condemnation in summer than in&#xd;
autumn. Collectively, these results were also mostly affected by the possible repetition of the random effect of the supplier.</subfield>
   </datafield>
   <datafield ind1="8" ind2=" " tag="024">
      <subfield code="a">http://hdl.handle.net/10459.1/68890</subfield>
   </datafield>
   <datafield tag="653" ind2=" " ind1=" ">
      <subfield code="a">Sistema de producció</subfield>
   </datafield>
   <datafield tag="653" ind2=" " ind1=" ">
      <subfield code="a">Característiques de la canal</subfield>
   </datafield>
   <datafield tag="653" ind2=" " ind1=" ">
      <subfield code="a">Lesions a la pell</subfield>
   </datafield>
   <datafield tag="653" ind2=" " ind1=" ">
      <subfield code="a">Porc</subfield>
   </datafield>
   <datafield tag="653" ind2=" " ind1=" ">
      <subfield code="a">Producció animal</subfield>
   </datafield>
   <datafield tag="653" ind2=" " ind1=" ">
      <subfield code="a">Swine</subfield>
   </datafield>
   <datafield tag="653" ind2=" " ind1=" ">
      <subfield code="a">Animal production</subfield>
   </datafield>
   <datafield ind2="0" ind1="0" tag="245">
      <subfield code="a">Factors de variació en la producció de canals de porcí ecològica i convencional</subfield>
   </datafield>
   <datafield ind2="0" ind1="0" tag="245">
      <subfield code="a">Factores de variación en la producción de canales de porcino ecológica y convencional</subfield>
   </datafield>
   <datafield ind2="0" ind1="0" tag="245">
      <subfield code="a">Variation factors in organic and conventional pig carcass production</subfield>
   </datafield>
</record></metadata></record></GetRecord></OAI-PMH>